000 00786nam a2200253Ia 4500
003 OSt
005 20220923223329.0
006 a|||||r|||| 00| 0
007 ta
008 220922b |||||||| |||| 00| 0 hin d
024 _a213,578
037 _cTextual
040 _aARTS
_cARTS
_bhin
041 _2hin
_ahin
082 _aO152,3M80,RA, M0;P4
100 _aप्रेमचन्द
245 0 _aरंगभूमि
246 _aRangabhūmi
260 _aनयी दिल्ली
_b सरस्वती प्रेस प्रका0
_c2004
300 _a583 पृ.
_ccm.
650 _aहिन्दी साहित्य
_9156264
942 _hO152,3M80,RA, M0;P4
_cTEXL
_2CC
999 _c363786
_d363786